000 00707nam a22002057a 4500
999 _c15914
_d15914
003 AR-CdUCM
008 190430b ||||| |||| 00| 0 spa d
040 _aMUNICIPALIDAD PROVINCIAL DEL CUSCO
_cBIBLIOTECA MUNICIPAL DEL CUSCO
082 _aC / 337.985 /
_bJ37
100 _aJara, Oscar
_935150
245 _aMetodología de la educación pupular /
260 _aEcuador :
_bAlforja,
_c1983.
300 _a47 páginas ;
_c21 cm.
440 _aCuadernos pedagógicos
_n1
_935151
505 _aEscuela capitalista vs educación popular -- La cuestión metodológica en la educación popular...
650 _aEducación.
_9460
650 _aEducación popular.
_94875
942 _2ddc
_cLIBROS
945 _awfj